000 00831nam a2200253 a 4500
001 60357
003 BD-RjUL
005 20211209080829.0
008 161231s1973 caua b 001 0 eng d
020 _a0875891543
035 _a(BD-RjUL)60481
040 _aDLC
_cDLC
_dDLC
_dBD-RjUL
_beng
041 _aeng
082 0 0 _a370.19
_223
_bPSR 1973
100 1 _aPsacharopoulos, George.
_9179629
245 1 0 _aReturns to education :
_ban international comparison /
_cGeorge Psacharopoulos, assisted by Keith Hinchliffe.
260 _aSan Francisco :
_bJossey-Bass,
_cc1973.
300 _axiii, 216 p. :
_bill. ;
_c24 cm.
490 0 _aStudies on education
504 _aBibliography: p. 199-207 and index.
650 0 _aEducation
_xEconomic aspects
_9179630
700 1 _aHinchliffe, Keith,
_ejoint author.
_9179631
942 _2ddc
_cBK
999 _c60357
_d60357